Joyeux Noël de l'Union Européenne - Statistiques

Statistiques générales
  • Ce quiz a été pris 1 581 fois
  • Le résultat moyen est 11 sur 24
Statistiques - réponses
Hint Réponse % Correct
Feliz Navidad Espagnol
97%
Joyeux Noël Français
97%
Merry Christmas Anglais
96%
Fröhliche Weinhachten Allemand
88%
Buon Natale Italien
83%
Feliz Natal Portugais
82%
Wesolych Swiat Bozego Narodzeni Polonais
56%
Sretan Božić Croate
51%
Vrolijk Keerstfeest Néerlandais
47%
God Jul Suédois
41%
Glædelig Jul Danois
38%
Craciun Fericit Roumain
37%
Kala Christouyenna Grec
34%
Kellemes Karácsonyi Ünnepeket Hongrois
30%
Vezel Bozic Slovène
29%
Veselé Vánoce Tchèque
29%
Iloista Joulu Finnois
25%
Veselé Vianoce Slovaque
23%
Priecigus Ziemassvetkus Letton
22%
Roomsaid Joulu Puhi Estonien
21%
Chestita Koleda Bulgare
20%
Nollaig Shona Duit Irlandais
19%
Il-Milied Il-Tajjeb Maltais
19%
Linksmu Kaledu Lituanien
18%
Aucun quiz correspondant
Distribution des résultats
% des personnes avec chaque résultat
Percentile par nombre de réponses
Votre historique - résultats
Vous n’avez pas pris ce quiz